000 00530nam a2200181Ia 4500
001 25192
005 20260414151133.0
008 260414t2019||||xx |||||||||||||| ||spa||
041 _aESP
082 _a346.35
_bT35
100 _aTello Gilardi, Janet,
_eAUT
245 0 _aProtección y acceso a la justicia para niñas, niños y adolescentes :
_b 30 años de la Convención sobre los Derechos del Niño
260 _c2019
300 _a338 páginas :
_c24 cm.
650 _aDER
654 _aCDE
942 _cLIB
_dJUS
_fJUS
_2ddc
_n
999 _c25192
_d25192